| Tag |
First Indicator |
Second Indicator |
Subfields |
| LEADER |
00000cgm a22000001 4500 |
| 001 |
in00003493021 |
| 005 |
20190407114945.0 |
| 006 |
m o c |
| 007 |
cr cna |
| 007 |
vz czazuu |
| 008 |
120116s2011 dcu044 o s vleng d |
| 035 |
|
|
|a (DcWaAPA)apa08126237
|
| 040 |
|
|
|a DcWaAPA
|d UtOrBLW
|
| 050 |
|
4 |
|a RC569.5.P75
|b F46 2011
|
| 245 |
0 |
0 |
|a Feminist therapy for trauma.
|
| 264 |
|
1 |
|a [Washington, D.C.] :
|b American Psychological Association,
|c 2011.
|
| 300 |
|
|
|a 1 streaming video file (43 min., 30 sec.)
|
| 336 |
|
|
|a two-dimensional moving image
|b tdi
|2 rdacontent
|
| 337 |
|
|
|a computer
|b c
|2 rdamedia
|
| 338 |
|
|
|a online resource
|b cr
|2 rdacarrier
|
| 347 |
|
|
|a video file
|2 rda
|
| 520 |
|
|
|a Laura S. Brown meets with a married woman in her thirties who would like to understand patterns of behavior formed in her childhood. Both parents were withholding of affection. This led her to believe that something was wrong with her and resulted in difficulties establishing trust and communication with others. Her parents' relationship with each other was volatile and characterized by suppressed violence. In later years, the violence was manifested when her father murdered her first husband. Brown guides the client to experience her childhood feelings and enlist the protection of her adult self in assuring the child that she has value. Brown works to empower the client to identify her own strength and confirm the utility of her survivor skills while urging her to trust in her power to distinguish safety from danger and to experiment with trusting others.
|
| 538 |
|
|
|a Mode of access: World Wide Web.
|
| 500 |
|
|
|a Slide.
|
| 650 |
|
0 |
|a Psychological abuse.
|
| 650 |
|
0 |
|a Psychologically abused women
|x Mental health.
|
| 650 |
|
0 |
|a Family violence
|x Psychological aspects.
|
| 650 |
|
0 |
|a Feminist therapy.
|
| 650 |
|
2 |
|a Domestic Violence
|x psychology.
|
| 655 |
|
7 |
|a Short films.
|2 lcgft
|
| 655 |
|
7 |
|a Nonfiction films.
|2 lcgft
|
| 655 |
|
7 |
|a Internet videos.
|2 lcgft
|
| 655 |
|
0 |
|a Streaming videos.
|
| 700 |
1 |
|
|a Brown, Laura S.
|
| 710 |
2 |
|
|a American Psychological Association.
|
| 856 |
4 |
0 |
|u http://proxy.library.tamu.edu/login?url=http://psyctherapy.apa.org/apa/view/777700075-001
|z Connect to this online video
|t 0
|
| 999 |
|
|
|a MARS
|
| 999 |
f |
f |
|s d57c2988-669d-345c-a819-a33f69aade0a
|i 96b205dc-8b3c-332b-b66f-0c43c04ff614
|t 0
|
| 952 |
f |
f |
|a Texas A&M University
|b College Station
|c Electronic Resources
|d Available Online
|t 0
|e RC569.5.P75 F46 2011
|h Library of Congress classification
|
| 998 |
f |
f |
|a RC569.5.P75 F46 2011
|t 0
|l Available Online
|